000 00702nam a2200205Ii 4500
003 JO-AjNU
008 230605s9999||||xx |||||||||||||| ||und||
040 _aJO-AjNU
_bara
_erda
_cJO-AjNU
041 _aara
050 1 4 _aTT160.N3512 2004
100 3 _aعكاشة ، عبدالمنان محمود,
_eauthor
_922010
245 0 0 _aنمي مواهب طفلك وعلمية الصناعات الخفيفة في المنزل
250 _aط1
264 3 1 _aعمان:دار الاخوة للنشر ،2004
300 _a148ص
336 _atext
_btxt
_2rdacontent
337 _aunmediated
_bn
_2rdamedia
338 _avolume
_bnc
_2rdacarrier
650 4 _aاطفال موهوبون -- تعليم.
_922011
999 _aA7742
_c11310
_d11310